İlk sətirdən mahnını təxmin et - Statistics

General Stats
  • This quiz has been taken 4 times
    3 since last reset
  • The average score is 9 of 100
Answer Stats
Mətn Mahnı % Correct
Fikrindən gecələr yata bilmirəm... Ayrılıq
67%
O gözlər kimi, hər tərəf qara... Gəl, ey səhər
67%
Pəncərədən daş gəlir... Ay bəri bax
33%
Araz axır lil ilə... Ay Laçın
33%
Ürəyimdə ayaz var... Bayatılar
33%
Görüşdüm yarımla bulaq başında... Bəyaz gecələr
33%
Kimin ağrıyır canı... Çay mahnısı
33%
Nə yaxşı qonşu olduq, bu dünyada... Ey həyat, sən nə qəribəsən
33%
Güllər üstə uçan, qaçan... Kəpənək
33%
Qartal olub göylərində uçum mən... Laçınım
33%
Yazın əvvəlində Gəncə çölündə... Lalələr
33%
Geyimimiz, hüququmuz bir idi... Məktəb illəri
33%
Yığdın bu dünyanın varın-dövlətin... Nə qaldı
33%
Deyirsən yanında qalacağam mən... Qal sənə qurban
33%
Dünyada min gözəl tapardım... Qaytar eşqimi
33%
Mən çox gün görmədim... Qəmgin mahnı
33%
Saçın ucun hörməzlər... Sarı gəlin
33%
Cilvələnib, nə qarşımda durubsan... Sarı köynək
33%
Qoy, mən yenə söhbət açım ilk baharımdan... Şən Azərbaycan
33%
Nəğmə susdu dodağlarda... Sən ey uşaqlıq
33%
Hüsnün gözəl ayətləri... Sevgili canan
33%
Çox-çox adi dolanan... Tələbə
33%
Nə yaxşı ki, sən də varsan bu dünyamda... Unut məni
33%
Gedirəm bu axşam, gedirəm gülüm... Yada sal məni
33%
Ay qız, kimin qızısan? Aç xurcunu
0%
Keçmişim ayağıma dolaşıb... Ağ təyyarə
0%
Hardan biləydim axı, hicran gələcək... Aldatdı məni
0%
Qaş qaralır, kölgə tutur... Axşam mahnısı
0%
Ay qız gəzmə aralı... Azərbaycan maralı
0%
Mənə baxıb görməz oldun... Bahar
0%
Sən ana Xəzərimin sahilində Bakı haqqında mahnı
0%
İnsan nəyə lazım yurdsuz, vətənsiz... Bakılı balası
0%
Onlar oturur kafedə, mən küçədəyəm... Baş rolda özüm
0%
Mehribanlıq səadətdir... Biz mehriban ailəyik
0%
Göy göllərdə üzər qazlar... Çal, oyna!
0%
Barıt qoxulu o yollar, o yollar... Cənab Leytenant
0%
Aldamdınsa sәnә, mәni avam bilmә... Dönmə geri
0%
Bir taleyin oyununda cütlənmiş zərik... Dünya sənin, dünya mənim
0%
Görüşdük nə çətin, ayrıldıq, ayrıldıq nə asan... Əlvida
0%
Səhərə nə qalır? Ulduzlar sönür... Gecələr keçir
0%
Fikrim yenə tamam sənin yanında... Gələcəyəm
0%
Vuruldum gözlərinə mən... Gözlər
0%
Dağların başında ərənlər yaşar... İgidlər
0%
Mən səni heç kimə dəyişmərəm... İtirdim
0%
Nə eşq olaydı, nə aşiq, nə nazlı afət olaydı... Kor ərəbin mahnısı
0%
Balaca oğlan deyil o, artıq böyüyüb olub kişi... Kor zabit
0%
Uzaq səfərdə idi... Matros
0%
Gözəl həyat sevən, duyan ürəkdir... Məhəbbət çırağı
0%
Mən nə iş, mən nə iş tutdum, ay Allah... Məhəbbət üçbucağı
0%
Mən bir günəş, sönməz atəş, odlu ürək... Mən Aygünəm
0%
Hər gecə səni mən səslədim... Mən səni araram
0%
Çoxları dad çəkdi, şivən qopardı... Miyana gözlər
0%
Qəlbimə toxunub oxutma hər simi... Oyna
0%
Gözünə qurban, sözünə qurban... Özünə qurban
0%
Gözlərim hər axşam axtarır səni... Payız gəldi
0%
Ay məni məndən alıb gedən... Pəncərə
0%
Günlərin bir günündə... Qara gözlər
0%
O damın üstünü qara buludlar alıb... Qəhvə falı
0%
Üzüyümün qaşı firuzədəndir... Qızıl üzük
0%
Bu qızların gözünə bax... Qızlar
0%
Açdı gül, gün oyandı... Qızların mahnısı
0%
Bizim həyətimizdə bir çinar vardır... Qoca çinar
0%
Mənə bircə kəlmə can söyləsəydin... Qurban verərdim
0%
İnanmıram, sevgimiz bir badə şərabmış... Ruhumuz qovuşacaq
0%
Axşam çağı, sahil bağı... Sahil boyu gəzirəm
0%
Dünyada əlvan rənglər, güllər ağlar, sevinər... Sarı güllər
0%
Bura gətirən məni... Şəklimi çək
0%
Yağır yağışlar gəlməmiş payız... Səndən olmaz
0%
Könlüm sənin əsirin... Sənə də qalmaz
0%
Ayrılıb getmisәn, kimdir tәsәllin? Sən elə bilirdin
0%
Suyu qaçmış hovuza... Sən gələndə
0%
Deyirdin baharda görüşərik biz... Sən gəlməz oldun
0%
Bir sevgi nəğməsində döndüm külə mən... Sənsiz
0%
Sən qismətin əlindən qaçanım... Sənsiz keçən ömür
0%
Yanan işıq otağıma daşıyır sənsizliyi... Sənsizliyim
0%
Gül açar, dünya gülər... Sən yadıma düşəndə
0%
İllər, qərinələr keçirsə aləm... Sevdi can səni
0%
İlk dəfə görmüşəm səni mən... Sevgilim
0%
Çiynində boz çanta, üzü xoşsifət... Sıravi Əhməd
0%
Səni gördüm yenə soyuq baxışın... Sönsə sevgi
0%
Bakının məhlələri, tinləri, döngələri... Sovetski
0%
Bir gülsən, dərmişəm gənclik bağından... Şükriyyə
0%
Nə olar, üzünü döndərmə məndən... Tənhayam
0%
Məclis düzəlib... Toy mahnısı
0%
Dəniz küləklə oynadı... Tufanla oynama
0%
O gecə bizim gecəmizdi... Uçduq
0%
Günəşimiz saralıbdı... Ulu torpaq
0%
Həsrətimdən ürəyinə köz düşər... Unuda bilməzsən
0%
Bu dəniz unudub dərdi-sərini... Ürəyim yanar
0%
Döyüşlərdə bərkiyəcək son sözünü demək üçün... Vətən əmanəti
0%
Yenə yanır bu ocaq... Xatirədir
0%
Gördüm burda gör nələr? Xəzərin sahilində
0%
Yağış yağır bu şəhərə... Yağış
0%
Mənim taleyim yox, yazı neyləsin? Yalandı dünya
0%
Məndən uzaq gəzən gözəl... Yaman könlümə düşmüsən
0%
Mənim könlüm ağlayar ağlayanla birlikdə... Ya Qarabağ, ya ölüm
0%
Ala gözüm aldı canım... Yar bizə qonaq gələcək
0%
İkimizdə bir ürək var... Yarı məndə, yarı səndə
0%
Bilirsən həyatım sənə bağlıdır... Yaşın nə fərqi var ki
0%
Küsmüsən nədən, yarım? Yuxuma gəl
0%
No matching quizzes found
Score Distribution
Percent of People with Each Score
Percentile by Number Answered
Your Score History
You have not taken this quiz since the last reset